Pilotes français de Formule 1 - Mort subite - Statistiques

Statistiques générales
  • Ce quiz a été pris 872 fois
  • Le résultat moyen est 8 sur 14
Answers on the Grid
Answers color-coded by a green-red scale on the quiz's grid according to % correct below.
Sébastien Bourdais
Sébastien Buemi
Franck Montagny
Jean-Eric Vergne
Gilles Villeneuve
René Arnoux
Gerhard Berger
Pierre Gasly
Esteban Ocon
Stoffel Vandoorne
Romain Grosjean
Maurice Trintignant
Jacky Ickx
Jean Alesi
Charles Leclerc
Louis Chiron
Thierry Boutsen
François Cevert
Alain Prost
Jérôme d'Ambrosio
André Lotterer
Olivier Panis
Jean-Pierre Jabouille
Jacques Laffite
 
Statistiques - réponses
Réponse % Correct
Pierre Gasly
82%
Alain Prost
80%
Esteban Ocon
77%
Romain Grosjean
73%
Jean Alesi
63%
Olivier Panis
54%
Jacques Laffite
53%
Franck Montagny
50%
Jean-Eric Vergne
48%
René Arnoux
41%
Jean-Pierre Jabouille
38%
Sébastien Bourdais
38%
François Cevert
33%
Maurice Trintignant
30%
Aucun quiz correspondant
Distribution des résultats
% des personnes avec chaque résultat
Percentile par nombre de réponses
Votre historique - résultats
Vous n’avez pas pris ce quiz